000 01353nam a2200253Ii 4500
003 JO-AjNU
005 20240624111332.0
008 230605s9999||||xx |||||||||||||| ||und||
040 _aJO-AjNU
_bara
_erda
_cJO-AjNU
041 _aara
050 1 4 _aHD2741 2022
100 _aالدهون، ايمن احمد حسن
_eمعد
_965533
245 0 0 _aأثر مبادئ الحاكمية المؤسسية على الميزة التنافسية للمصارف الإسلامية في الأردن=The Role of Institutional Governace Principles on Enhancing the Competitive Advantage in jordanian Islamic Banks /
_cاعداد ايمن احمد حسن الدهون؛ اشراف محي الدين يعقوب ابو الهول، شيرين العلي
264 3 1 _a2022
300 _a111 ورقة
336 _atext
_btxt
_2rdacontent
337 _aunmediated
_bn
_2rdamedia
338 _avolume
_bnc
_2rdacarrier
500 _aرسالة جامعية(اطروحة ماجستير) جامعة عجلون الوطنية، كلية ادارة الاعمال، تخصص المصارف الاسلامية، 2022
650 4 _aحوكمة المؤسسات-المصارف الاسلامية
_963542
700 1 _aأبو الهول، محيي الدين
_965486
_eمشرف رئيسي
700 1 _aالعلي، شيرين
_eمشرف مشارك
_965534
942 _2lcc
_cTHS
999 _c32397
_d32397